Obálka Náhled e-knihy:
PDF
Pro půjčování e-knih musíte být přihlášeni.
Jak si půjčit online?

Sherlock Holmes. Pes baskervillský /

Převyprávění dalšího případu geniálního detektiva Sherlocka Holmese a doktora Watsona.

Uloženo v:
Série:Sherlock Holmes vyšetřuje, část 3
Hlavní autor: Baudet, Stephanie, 1945- (Autor)
Další autoři: Bellucci, Arianna, 1991- (Autor), Kupková, Tereza, 1989- (Ilustrátor), Doyle, Arthur Conan, 1859-1930. (Překladatel)
Médium: E-kniha
Jazyk:Czech
Vydáno: V Praze : Fragment, 2024
Vydání:1. vydání
Témata:
Příbuzné jednotky:Přeloženo z: Sherlock Holmes
Z cyklu:: Sherlock Holmes vyšetřuje
Tagy:
Žádné tagy
LEADER 03162nam a2200637 i 4500
001 312371
003 CZ PrSKC
005 20260601215721.0
007 ta
008 240507s2024 xr a c 000 j cze
015 |a cnb003604743 
020 |a 9788025367605  |q (vázáno) :  |c Kč 269,00 
035 |a (OCoLC)1445419371 
040 |a ABG001  |b cze  |e rda 
041 1 |a cze  |h eng 
072 7 |a 821.111-3  |x Anglická próza, anglicky psaná  |2 Konspekt 
072 7 |a 821-93  |x Literatura pro děti a mládež (beletrie)  |2 Konspekt 
080 |a 821.111-32  |2 MRF 
080 |a 821-93  |2 MRF 
080 |a 821-1/-8(0.046.6)  |2 MRF 
080 |a 821.111-31  |2 MRF 
080 |a (0:82-322.4)  |2 MRF 
100 1 |a Baudet, Stephanie,  |d 1945-  |7 xx0278143  |4 aut 
240 1 0 |a Hound of the Baskerville.  |l Česky 
245 1 0 |a Sherlock Holmes.  |p Pes baskervillský /  |c Arthur Conan Doyle ; text originálu převyprávěla Stephanie Baudet ; ilustrovala Arianna Bellucci ; z anglického originálu Sherlock Holmes - Hound of the Baskerville ... přeložila Tereza Kupková 
246 3 0 |a Pes baskervillský 
250 |a 1. vydání 
264 1 |a V Praze :  |b Fragment,  |c 2024 
300 |a 105 stran :  |b ilustrace ;  |c 21 cm 
336 |a text  |b txt  |2 rdacontent 
337 |a bez média  |b n  |2 rdamedia 
338 |a svazek  |b nc  |2 rdacarrier 
500 |a "Upraveno pro malé čtenáře"--Obálka 
520 2 |a Převyprávění dalšího případu geniálního detektiva Sherlocka Holmese a doktora Watsona.  |b Sherlock Holmes a doktor Watson mají pro strach uděláno. Nezastaví je smrtící psí přízrak ani záhadný muž, který se potlouká po devonském vřesovišti. Dvojice totiž potřebuje rozluštit podivný případ vraždy sira Charlese Baskervilla dřív, než jeho synovce potká stejný osud. Nakladatelská anotace. Kráceno. 
521 8 |a Pro čtenáře od 9 let 
655 7 |a anglické příběhy  |7 fd131813  |2 czenas 
655 7 |a detektivní příběhy  |7 fd132009  |2 czenas 
655 7 |a literární adaptace  |7 fd119387  |2 czenas 
655 7 |a anglické romány  |7 fd131814  |2 czenas 
655 7 |a publikace pro děti  |7 fd133156  |2 czenas 
655 9 |a English stories  |2 eczenas 
655 9 |a detective stories  |2 eczenas 
655 9 |a literary adaptations  |2 eczenas 
655 9 |a English fiction  |2 eczenas 
655 9 |a children's literature  |2 eczenas 
700 1 |a Bellucci, Arianna,  |d 1991-  |7 xx0268004  |4 ill 
700 1 |a Kupková, Tereza,  |d 1989-  |7 xx0265158  |4 trl 
700 1 |i Adaptace díla:  |a Doyle, Arthur Conan,  |d 1859-1930.  |t Hound of the Baskervilles  |7 aun2015890854 
765 0 |t Sherlock Holmes 
787 0 8 |i Z cyklu:  |t Sherlock Holmes vyšetřuje  |g 3 
900 |a ABA001  |b 20 
928 9 |a Albatros Media - Fragment 
044 |a xr 
910 |a RBIT002 
998 |d 403973  |a https://core.palmknihy.cz/api/books/403973/cover?scmowf  |b https://core.palmknihy.cz/api/books/403973/cover/400?scmowf  |c https://core.palmknihy.cz/api/books/403973/cover/50?scmowf  |e 2028-08-31  |g 112  |i 9788025367605  |k https://core.palmknihy.cz/api/books/403973/preview.pdf  |l   |q 49  |r 1  |s https://www.palmknihy.cz/kniha/403973  |t ebook  |y 2024  |z 0  |v Sherlock Holmes vyšetřuje  |w 3 
999 |d 312369